[Event "9ème Open International de Rouen"]
[Site "ROUEN"]
[Date "2016.12.20"]
[Round "6.17"]
[White "Bat, Bilguun"]
[Black "Naji, Nil"]
[Result "0-1"]
[WhiteElo "1563"]
[BlackElo "1825"]
[PlyCount "74"]
[EventDate "2016.??.??"]

1. d4 Nf6 2. c4 g6 3. Nc3 Bg7 4. e4 d6 5. Bd3 Nc6 6. Nge2 e5 7. d5 Nd4 8. O-O
c5 9. h3 O-O 10. Bg5 h6 11. Be3 Nh5 12. Ng3 Nf4 13. Bxd4 cxd4 14. Nce2 Qh4
15. b4 a5 16. b5 b6 17. a4 Bd7 18. Qc2 Rac8 19. Rac1 Rc5 20. Qd2 h5 21. f3 Bh6
22. Kh2 Bxh3 23. Qxf4 Bxf4 24. gxh3 Bxc1 25. Rxc1 Qg5 26. Rg1 Qd2 27. Nxh5 Kh8
28. Nf6 Qxd3 29. Ng3 Rxc4 30. Nf1 Qxf3 31. Nd2 Qf4+ 32. Kh1 Qxd2 33. Rg2 Rc1+
34. Kh2 Qf4+ 35. Rg3 Rc2+ 36. Kh1 Qxg3 37. Ng4 Qg2# 0-1

[Event "9ème Open International de Rouen"]
[Site "ROUEN"]
[Date "2016.12.20"]
[Round "6.18"]
[White "Vouin, Denis"]
[Black "Pinchon, Henri"]
[Result "0-1"]
[WhiteElo "1709"]
[BlackElo "1819"]
[PlyCount "156"]
[EventDate "2016.??.??"]

1. b4 Nf6 2. Bb2 e6 3. a3 d5 4. e3 Be7 5. Nf3 O-O 6. Be2 Nbd7 7. O-O c5 8. b5
a6 9. a4 b6 10. c4 Bb7 11. d3 a5 12. Nbd2 Qc7 13. d4 Rad8 14. dxc5 Bxc5
15. cxd5 Nxd5 16. Qc2 f6 17. Bc4 Kh8 18. Qb3 Bb4 19. Rac1 Qb8 20. Qa2 Nc5
21. Rfd1 Rd7 22. Nb3 Qd8 23. Nfd4 Qe7 24. Nxc5 Bxc5 25. Nc2 Rfd8 26. Qa1 e5
27. Ne1 Qe8 28. Ba3 Nb4 29. Rxd7 Qxd7 30. Bxb4 Bxb4 31. Be2 h6 32. Rd1 Qe7
33. Bf3 e4 34. Be2 Bc5 35. Nc2 Rxd1+ 36. Qxd1 f5 37. Bc4 Kh7 38. g3 Qe8 39. h4
Qe7 40. Kg2 f4 41. Qg4 fxg3 42. Qf5+ Kh8 43. Qe6 Qxe6 44. Bxe6 gxf2 45. Kxf2 g6
46. Kg3 Kg7 47. Nd4 Kf6 48. Bd7 Ke5 49. Nc2 Kf6 50. Nd4 Bd6+ 51. Kf2 Ke5
52. Nc6+ Kf6 53. Bg4 h5 54. Be2 Bc5 55. Bc4 Bc8 56. Nd4 Ke5 57. Nc6+ Kf5
58. Bf7 Kf6 59. Bd5 Bf5 60. Nd4 Bg4 61. Bxe4 g5 62. hxg5+ Kxg5 63. Nf3+ Kf6
64. Bc2 Ke6 65. Bb3+ Kf6 66. Nh2 Bf5 67. Ke2 h4 68. Kf3 h3 69. e4 Bd7 70. Ke2
Bd6 71. Nf3 h2 72. Nxh2 Bxh2 73. Kd3 Bg1 74. Kc2 Ke5 75. Kb2 Kxe4 76. Ka3 Kd4
77. Bd1 Kc3 78. Bf3 Be6 0-1

[Event "9ème Open International de Rouen"]
[Site "ROUEN"]
[Date "2016.12.20"]
[Round "6.19"]
[White "Mergen, Bat"]
[Black "Bailly, Thierry"]
[Result "1-0"]
[WhiteElo "1802"]
[BlackElo "1716"]
[PlyCount "39"]
[EventDate "2016.??.??"]

1. d4 Nf6 2. c4 c5 3. d5 d6 4. Nc3 Bf5 5. f3 Nbd7 6. e4 Bg6 7. b3 e6 8. Bb2
Be7 9. g4 e5 10. Nge2 h6 11. Ng3 Nh7 12. Bc1 a6 13. a4 Ndf6 14. h4 h5 15. g5
Nd7 16. Nf5 Bxf5 17. exf5 Qa5 18. Bd2 O-O-O 19. Nb5 Qb6 20. a5 1-0

[Event "9ème Open International de Rouen"]
[Site "ROUEN"]
[Date "2016.12.20"]
[Round "6.20"]
[White "Bertrand, Julien"]
[Black "Delin, Valere"]
[Result "1-0"]
[WhiteElo "1799"]
[BlackElo "1346"]
[PlyCount "41"]
[EventDate "2016.??.??"]

1. Nf3 Nf6 2. c4 g6 3. g3 Bg7 4. Bg2 c5 5. O-O Nc6 6. d4 cxd4 7. Nxd4 O-O
8. Nc3 Qb6 9. Nb3 Qb4 10. Nd2 d6 11. Qb3 Be6 12. Nd5 Qxb3 13. Nxb3 Bf5 14. Bg5
Nxd5 15. cxd5 Nb4 16. e4 f6 17. Bd2 Nc2 18. Rac1 Rac8 19. exf5 gxf5 20. Bc3 b5
21. a3 1-0

[Event "9ème Open International de Rouen"]
[Site "ROUEN"]
[Date "2016.12.20"]
[Round "6.21"]
[White "Fourcart, Marc"]
[Black "Ruch, Bernard"]
[Result "0-1"]
[WhiteElo "1706"]
[BlackElo "1934"]
[PlyCount "60"]
[EventDate "2016.??.??"]

1. d4 d5 2. Nf3 Nf6 3. e3 c6 4. Bd3 Bg4 5. Nbd2 e6 6. O-O Nbd7 7. b3 Be7
8. Bb2 O-O 9. c4 Bh5 10. c5 Bg6 11. Bxg6 hxg6 12. Ne5 Nxe5 13. dxe5 Nd7 14. b4
a5 15. a3 b6 16. cxb6 axb4 17. axb4 Qxb6 18. Rc1 Bxb4 19. Ba1 c5 20. f4 Bxd2
21. Qxd2 Ra4 22. Rf3 Rfa8 23. Rff1 Ra2 24. Qe1 Qb3 25. Rb1 Qd3 26. Rd1 Qe4
27. Qg3 Nb6 28. Bc3 Nc4 29. Bd2 Rxd2 30. Rxd2 Nxd2 0-1

[Event "9ème Open International de Rouen"]
[Site "ROUEN"]
[Date "2016.12.20"]
[Round "6.22"]
[White "Javor, Besim"]
[Black "Roussel, Maxime"]
[Result "0-1"]
[WhiteElo "1873"]
[BlackElo "1587"]
[PlyCount "146"]
[EventDate "2016.??.??"]

1. d4 c5 2. d5 g6 3. e4 Bg7 4. c3 d6 5. Bf4 Nf6 6. Nd2 a6 7. Be2 b5 8. Ngf3
O-O 9. O-O Bb7 10. Qc2 Nbd7 11. Rfe1 b4 12. Rab1 a5 13. c4 a4 14. Bf1 Nh5
15. Be3 a3 16. b3 Bc8 17. Be2 Ndf6 18. Ng5 h6 19. Ngf3 Ng4 20. Nf1 Nxe3
21. Nxe3 Bc3 22. Rf1 Nf4 23. Ne1 f5 24. exf5 Bxf5 25. Nxf5 Rxf5 26. Bf3 Qf8
27. Nd3 Nh3+ 28. gxh3 Rxf3 29. Ne1 Rf6 30. Qe2 Qf7 31. Ng2 Rf3 32. Qe6 Qxe6
33. dxe6 Raf8 34. Nh4 R3f6 35. Rbc1 Rxe6 36. Rc2 g5 37. Ng2 Rf3 38. Ne3 Rxh3
39. Kg2 Rh5 40. Ng4 Rh4 41. Ne3 Rhe4 42. Kf3 Bd4 43. Nd5 Re1 44. Rxe1 Rxe1
45. Re2 Rxe2 46. Kxe2 Kf7 47. h3 e6 48. Nc7 Kf6 49. Kf3 Kf5 50. Ne8 d5 51. Nd6+
Kg6 52. Kg2 Be5 53. Nb7 dxc4 54. Nxc5 c3 55. Nd3 Bd6 56. Ne1 Kf5 57. Kf3 Bc5
58. Nc2 e5 59. Ne1 e4+ 60. Ke2 h5 61. f3 e3 62. Kd3 Kf4 63. Ke2 Kg3 64. Nd3 c2
65. Nc1 Kxh3 66. Kd3 Kg2 67. Kxc2 Kxf3 68. Nd3 Bd6 69. Kd1 e2+ 70. Kd2 Bf4+
71. Kc2 Ke3 72. Ne1 Bg3 73. Ng2+ Kf2 0-1

[Event "9ème Open International de Rouen"]
[Site "ROUEN"]
[Date "2016.12.20"]
[Round "6.23"]
[White "Leduc, Jean-Philippe"]
[Black "Benassis, Nicola-Henri"]
[Result "1/2-1/2"]
[WhiteElo "1850"]
[BlackElo "1448"]
[PlyCount "92"]
[EventDate "2016.??.??"]

1. e4 d5 2. Nc3 d4 3. Nce2 e5 4. d3 Nc6 5. g3 Be6 6. f4 f6 7. Nf3 Bd6 8. Bg2
Nge7 9. fxe5 fxe5 10. Ng5 Qd7 11. O-O h6 12. Nxe6 Qxe6 13. c3 Bc5 14. c4 O-O-O
15. a3 Ng8 16. b4 Be7 17. Bd2 Nf6 18. b5 Nb8 19. Kh1 Rhf8 20. Ng1 Nbd7 21. Bh3
Qg8 22. Nf3 g5 23. Nxe5 Kb8 24. Nxd7+ Nxd7 25. Bb4 Qg7 26. Qe2 Ne5 27. Bxe7
Qxe7 28. Bf5 Qg7 29. a4 g4 30. a5 Rf6 31. c5 h5 32. b6 cxb6 33. axb6 a6 34. Qd2
Qf7 35. Qf4 Qe7 36. c6 Rxc6 37. Ra5 Rc5 38. Rfa1 Ka8 39. Rxc5 Qxc5 40. Rc1 Qd6
41. Kg2 Qxb6 42. Rd1 Nf3 43. Qc1 Qb3 44. h3 Qa2+ 45. Kf1 gxh3 46. Bxh3 Qh2
1/2-1/2

[Event "9ème Open International de Rouen"]
[Site "ROUEN"]
[Date "2016.12.20"]
[Round "6.24"]
[White "Julien, Franck"]
[Black "Delaruelle, Christian"]
[Result "1/2-1/2"]
[WhiteElo "1569"]
[BlackElo "1840"]
[PlyCount "116"]
[EventDate "2016.??.??"]

1. d4 d5 2. c4 Nc6 3. Nf3 Bg4 4. e3 e5 5. Be2 e4 6. Nfd2 Bxe2 7. Qxe2 Nf6
8. cxd5 Qxd5 9. Nc3 Qf5 10. f3 exf3 11. Nxf3 Bd6 12. e4 Qg6 13. e5 O-O-O
14. Nh4 Qg4 15. Qxg4+ Nxg4 16. O-O Bb4 17. a3 Ba5 18. h3 Nh6 19. Bxh6 gxh6
20. Nf5 Nxd4 21. Nxh6 Rhf8 22. Nxf7 Rde8 23. Rad1 Bxc3 24. bxc3 Ne2+ 25. Kh2
Nxc3 26. Rc1 Ne4 27. Kg1 Kd7 28. e6+ Kxe6 29. Rxc7 Re7 30. Rxe7+ Kxe7 31. Re1
Rxf7 32. Rxe4+ Kd6 33. g3 Rf3 34. Ra4 a6 35. Kg2 Rb3 36. h4 Kc5 37. Ra5+ Kd4
38. g4 Ke4 39. h5 h6 40. g5 hxg5 41. Rxg5 Rxa3 42. h6 Ra2+ 43. Kg3 Ra1 44. Rh5
Rg1+ 45. Kf2 Rg8 46. h7 Rh8 47. Ke2 Kd4 48. Kd2 Kc4 49. Kc2 b5 50. Rh4+ Kc5
51. Kb3 a5 52. Rh5+ Kb6 53. Rh4 Kc5 54. Rh5+ Kd4 55. Rh4+ Ke5 56. Rh5+ Kf6
57. Rxb5 Rxh7 58. Rxa5 Rh3+ 1/2-1/2

[Event "9ème Open International de Rouen"]
[Site "ROUEN"]
[Date "2016.12.20"]
[Round "6.25"]
[White "Guillaumat, Jean-Pierre"]
[Black "Coquelin, Jonathan"]
[Result "1-0"]
[WhiteElo "1794"]
[BlackElo "1439"]
[PlyCount "29"]
[EventDate "2016.??.??"]

1. d4 Nf6 2. c4 d5 3. Nf3 e6 4. e3 c5 5. Nc3 Nc6 6. Bd3 b6 7. O-O Bb7 8. cxd5
Nxd5 9. Nxd5 Qxd5 10. e4 Qd8 11. d5 exd5 12. exd5 Qxd5 13. Re1+ Be7 14. Bg5 f6
15. Bg6+ 1-0

[Event "9ème Open International de Rouen"]
[Site "ROUEN"]
[Date "2016.12.20"]
[Round "6.26"]
[White "Cernettig, Michel"]
[Black "Ayoub, Georges"]
[Result "0-1"]
[WhiteElo "1398"]
[BlackElo "1761"]
[PlyCount "72"]
[EventDate "2016.??.??"]

1. d4 d5 2. c4 e6 3. Nc3 Nf6 4. Bg5 Nbd7 5. cxd5 exd5 6. e3 c6 7. Bd3 Be7
8. Nge2 O-O 9. Qc2 Re8 10. O-O h6 11. Bxf6 Nxf6 12. Rab1 Bd6 13. Ng3 Ng4
14. Nce2 Qh4 15. h3 Nxe3 16. fxe3 Bxg3 17. Rf3 Rxe3 18. Rbf1 Rxf3 19. Rxf3 Bd6
20. Kf1 Be6 21. Bh7+ Kh8 22. Bf5 Bb4 23. g3 Qe7 24. Kg2 Re8 25. Re3 Qd7 26. g4
Re7 27. Bxe6 Rxe6 28. Rxe6 Qxe6 29. Kf3 Bd6 30. Qf5 Kg8 31. Qxe6 fxe6 32. Ke3
Kf7 33. Kd3 Kf6 34. Ke3 e5 35. b4 exd4+ 36. Kxd4 Bxb4 0-1

[Event "9ème Open International de Rouen"]
[Site "ROUEN"]
[Date "2016.12.20"]
[Round "6.27"]
[White "Grignoux, Yannick"]
[Black "Fontaine, Olivier"]
[Result "0-1"]
[WhiteElo "1481"]
[BlackElo "1826"]
[PlyCount "74"]
[EventDate "2016.??.??"]

1. d4 d5 2. Bf4 c5 3. e3 Qb6 4. b3 Nc6 5. c3 Nf6 6. Bd3 g6 7. h3 Bg7 8. Nf3
O-O 9. O-O Nd7 10. Re1 e5 11. dxe5 Ncxe5 12. Nxe5 Nxe5 13. Bc2 Rd8 14. a4 Nc6
15. Ra2 Be6 16. Ra3 d4 17. a5 Nxa5 18. exd4 cxd4 19. c4 Nc6 20. Qf3 Rd7 21. Nd2
Nb4 22. Be4 d3 23. Rb1 Nc2 24. Ra4 Rad8 25. Bg5 f6 26. Bh4 Nd4 27. Qe3 a6
28. Kh1 g5 29. Bg3 f5 30. Qxg5 fxe4 31. Nxe4 Bf5 32. Nd2 Qg6 33. Qxg6 hxg6
34. Ra5 Bh6 35. f4 Ne2 36. Kh2 Nxf4 37. Nf3 d2 0-1

[Event "9ème Open International de Rouen"]
[Site "ROUEN"]
[Date "2016.12.20"]
[Round "6.28"]
[White "Lormier, Vincent"]
[Black "Vigneron, Frederic"]
[Result "0-1"]
[WhiteElo "1399"]
[BlackElo "1800"]
[PlyCount "64"]
[EventDate "2016.??.??"]

1. e4 c5 2. c3 d5 3. exd5 Qxd5 4. d4 Nc6 5. Nf3 Nf6 6. Be2 e6 7. Na3 a6 8. Bf4
cxd4 9. Nc4 Qd8 10. Nxd4 Nxd4 11. Qxd4 Qxd4 12. cxd4 Bb4+ 13. Bd2 Bxd2+ 14.
Nxd2 O-O 15. Bf3 Rd8 16. Nb3 Rb8 17. O-O b6 18. Rfd1 Bb7 19. Bxb7 Rxb7 20. g3
Rbd7 21. f4 a5 22. a4 h5 23. h3 h4 24. Kg2 Nh5 25. gxh4 Nxf4+ 26. Kf3 Ng6 27.
h5 Ne7 28. Rac1 Rd5 29. Kg4 f6 30. Rc7 Rg5+ 31. Kf3 Nd5 32. h4 Rf5+ 0-1

[Event "9ème Open International de Rouen"]
[Site "ROUEN"]
[Date "2016.12.20"]
[Round "6.29"]
[White "Serano, Vincent"]
[Black "Zinoun, Said"]
[Result "1-0"]
[WhiteElo "1705"]
[BlackElo "1458"]
[PlyCount "61"]
[EventDate "2016.??.??"]

1. e4 d6 2. f4 g6 3. Nf3 Bg7 4. c3 Bg4 5. d4 Nd7 6. Be3 Ngf6 7. Bd3 e5 8. fxe5
dxe5 9. d5 O-O 10. Nbd2 Qe7 11. O-O Ne8 12. Qc2 c6 13. dxc6 bxc6 14. Rae1 Nef6
15. Kh1 Rfd8 16. b4 h6 17. Nb3 Bxf3 18. Rxf3 Ng4 19. Bg1 h5 20. Bc4 Ndf6 21.
Ref1 Bh6 22. h3 Bf4 23. hxg4 hxg4 24. Rxf4 exf4 25. Rxf4 Kg7 26. Bd4 Rxd4 27.
Nxd4 Rh8+ 28. Kg1 Qc7 29. Qf2 g3 30. Qxg3 Qd6 31. Nf5+ 1-0

[Event "9ème Open International de Rouen"]
[Site "ROUEN"]
[Date "2016.12.20"]
[Round "6.31"]
[White "Pineau, Patrick"]
[Black "Dunand, Damien"]
[Result "0-1"]
[WhiteElo "1433"]
[BlackElo "1650"]
[PlyCount "90"]
[EventDate "2016.??.??"]

1. e4 Nf6 2. Nc3 d5 3. exd5 Nxd5 4. Bc4 Nxc3 5. Qf3 e6 6. Qxc3 Nc6 7. Nf3 Bd7
8. O-O Qf6 9. Qd3 O-O-O 10. c3 Na5 11. Qe2 Bc6 12. Nd4 Bc5 13. Nxc6 Nxc6 14. d4
Bd6 15. Qh5 Qg6 16. Qh3 Kb8 17. Bd3 f5 18. Bb5 Ne7 19. c4 a6 20. Ba4 Nc8 21. c5
Be7 22. Rd1 Qf6 23. Be3 f4 24. Bd2 Qxd4 25. Bb3 Bxc5 26. Qf3 Qf6 27. Bc3 e5 28.
Re1 Bd4 29. Bb4 Bxb2 30. Rab1 Bd4 31. Bc4 Nb6 32. Ba5 Rd6 33. Bd2 Bxf2+ 34.
Qxf2 Nxc4 35. Qf3 Rb6 36. Rxb6 Qxb6+ 37. Kh1 Nxd2 38. Qe2 Qe3 39. Qd1 Qf2 40.
Re2 Qf1+ 41. Qxf1 Nxf1 42. Rxe5 h6 43. Rf5 g5 44. h3 Ne3 45. a4 Nxf5 0-1

[Event "9ème Open International de Rouen"]
[Site "ROUEN"]
[Date "2016.12.20"]
[Round "6.32"]
[White "Heckly, Jean-Louis"]
[Black "Vasset, Francois"]
[Result "1/2-1/2"]
[WhiteElo "1606"]
[BlackElo "1399"]
[PlyCount "82"]
[EventDate "2016.??.??"]

1. e4 d5 2. exd5 Qxd5 3. Nc3 Qd6 4. d4 c6 5. Nf3 Nf6 6. Bc4 Bg4 7. Be2 Nbd7 8.
Be3 Nd5 9. Nxd5 cxd5 10. O-O Bxf3 11. Bxf3 e6 12. Qe2 Rc8 13. Rfc1 Nb6 14. b3
Be7 15. c4 Qd8 16. c5 Nd7 17. Bf4 O-O 18. b4 a6 19. Re1 Nf6 20. a4 Qd7 21. b5
axb5 22. axb5 Ra8 23. Qb2 Rfc8 24. b6 Ra4 25. Rxa4 Qxa4 26. Ra1 Qc6 27. Ra7 Nd7
28. Qa1 e5 29. Be3 exd4 30. Bxd4 Bxc5 31. Bxc5 Qxc5 32. g3 Qc6 33. Ra8 Nf6 34.
Qa2 Kf8 35. Rxc8+ Qxc8 36. Bxd5 Nxd5 37. Qxd5 f6 38. Qd6+ Ke8 39. Qd5 Ke7 40.
Qe4+ Kf7 41. Qd5+ Ke7 1/2-1/2

[Event "9ème Open International de Rouen"]
[Site "ROUEN"]
[Date "2016.12.20"]
[Round "6.33"]
[White "Mignot, Philippe"]
[Black "Blasco, David"]
[Result "0-1"]
[WhiteElo "1321"]
[BlackElo "1596"]
[PlyCount "55"]
[EventDate "2016.??.??"]

1. d4 Nf6 2. c4 e6 3. Nc3 Bb4 4. Bg5 c5 5. Nf3 Qa5 6. Qc2 cxd4 7. Nxd4 Qxg5 8.
e3 O-O 9. Nf3 Qa5 10. Bd3 Bxc3+ 11. bxc3 d5 12. Ng5 dxc4 13. Bxh7+ Kh8 14. h4
g6 15. Bxg6 fxg6 16. Qxg6 Qf5 17. Nf7+ Rxf7 18. Qxf7 Nc6 19. h5 Ne5 20. Qf8+
Ng8 21. Qe8 Nd3+ 22. Kd2 Qxf2+ 23. Kd1 Nb2+ 24. Kc1 Qe2 25. Qb5 Nd3+ 26. Kb1
Bd7 27. Qxb7 Ba4 28. Rc1 0-1

[Event "9ème Open International de Rouen"]
[Site "ROUEN"]
[Date "2016.12.20"]
[Round "6.34"]
[White "Cassiau, Kevin"]
[Black "Bailly, Yannick"]
[Result "1-0"]
[WhiteElo "1509"]
[BlackElo "1396"]
[PlyCount "45"]
[EventDate "2016.??.??"]

1. e4 c5 2. c3 d5 3. exd5 Qxd5 4. d4 Nf6 5. Nf3 e6 6. Be2 Be7 7. O-O O-O 8. Bf4
Nc6 9. Bd3 c4 10. Bc2 b5 11. Nbd2 Bb7 12. Re1 Qd8 13. Ne5 Nb8 14. Ndf3 Nd5 15.
Bd2 Nd7 16. Nxd7 Qxd7 17. Ne5 Qd8 18. Qg4 Bf6 19. f4 Ne7 20. Re3 Bd5 21. Bxh7+
Kxh7 22. Qh5+ Kg8 23. Rh3 1-0

[Event "9ème Open International de Rouen"]
[Site "ROUEN"]
[Date "2016.12.20"]
[Round "6.35"]
[White "Ayoub, Alexandre"]
[Black "Madon, Francis"]
[Result "0-1"]
[WhiteElo "1303"]
[BlackElo "1495"]
[PlyCount "86"]
[EventDate "2016.??.??"]

1. e4 c5 2. Nf3 e6 3. d4 cxd4 4. Nxd4 Nc6 5. Nc3 Nf6 6. Bc4 Bb4 7. Nxc6 bxc6 8.
Bg5 h6 9. Bxf6 Qxf6 10. Qd2 O-O 11. O-O d5 12. Qe3 dxc4 13. e5 Qe7 14. Rfd1 Bc5
15. Qe4 Bb7 16. Qxc4 Bb6 17. Rd6 Rad8 18. Ne4 Bc7 19. Rad1 Bxd6 20. Rxd6 Rxd6
21. exd6 Qd8 22. Qd4 Qa5 23. Nc3 Qg5 24. Qd3 c5 25. f3 Rd8 26. Nb5 Ba6 27. c4
Qc1+ 28. Kf2 Qxb2+ 29. Kg3 Bxb5 30. cxb5 Qd4 31. Qxd4 cxd4 32. Kf2 Rxd6 33. Ke2
d3+ 34. Kd2 Kf8 35. a4 Ke7 36. a5 Kd7 37. b6 axb6 38. a6 b5 39. a7 Ra6 40. Kxd3
Rxa7 41. Kc3 Ra2 42. Kb4 Rxg2 43. Kxb5 Rxh2 0-1

[Event "9ème Open International de Rouen"]
[Site "ROUEN"]
[Date "2016.12.20"]
[Round "6.36"]
[White "Dorin, Herve"]
[Black "Thery, Arthus"]
[Result "0-1"]
[WhiteElo "1620"]
[BlackElo "1254"]
[PlyCount "124"]
[EventDate "2016.??.??"]

1. e4 e6 2. d4 d5 3. exd5 exd5 4. Nc3 Nf6 5. Bg5 Be7 6. Nf3 O-O 7. Be2 Bf5 8.
O-O Nc6 9. Re1 a6 10. h3 Re8 11. a3 Qd7 12. Bd3 Bg6 13. Qd2 Bd6 14. Bxf6 gxf6
15. Rxe8+ Rxe8 16. Re1 Rxe1+ 17. Qxe1 Qe6 18. Qxe6 fxe6 19. Bxg6 hxg6 20. Ne2
e5 21. c3 exd4 22. Nfxd4 Nxd4 23. Nxd4 Kf7 24. f3 c5 25. Nc2 Ke6 26. Kf2 Bf4
27. Ke2 Bc1 28. b3 Ke5 29. g3 d4 30. Kd3 dxc3 31. Kxc3 b5 32. a4 Kd5 33. Ne1
Be3 34. Nd3 b4+ 35. Kc2 Kd4 36. g4 Bh6 37. f4 g5 38. f5 Bf8 39. Nb2 Ke3 40. Kd1
Kf3 41. Nd3 Kg3 42. Ke2 Kxh3 43. Nf2+ Kg3 44. Ne4+ Kxg4 45. Nxf6+ Kxf5 46. Nd5
g4 47. Kf2 Bd6 48. Kg2 Ke4 49. Nf6+ Kd3 50. Kf1 g3 51. Kg2 Kc2 52. Ne4 Be7 53.
Kxg3 Kxb3 54. Kf3 Kxa4 55. Ke3 c4 56. Kd2 b3 57. Kc1 Bb4 58. Kb1 Ka3 59. Nf2 c3
60. Nd3 c2+ 61. Kc1 Be7 62. Nb2 Bg5# 0-1

[Event "9ème Open International de Rouen"]
[Site "ROUEN"]
[Date "2016.12.20"]
[Round "6.37"]
[White "Voegele, Francois-Marie"]
[Black "Lefebvre, Willy"]
[Result "0-1"]
[WhiteElo "1130"]
[BlackElo "1527"]
[PlyCount "40"]
[EventDate "2016.??.??"]

1. f4 d5 2. Nf3 e6 3. e3 b6 4. Be2 Be7 5. O-O f5 6. d3 Nf6 7. Nc3 O-O 8. Bd2
Bb7 9. h3 Qe8 10. Rc1 c5 11. Rb1 Nbd7 12. b3 Bd6 13. Re1 Rd8 14. Rf1 Bb8 15.
Ra1 e5 16. fxe5 Nxe5 17. Rb1 Nxf3+ 18. Bxf3 Qe5 19. Qe2 Qh2+ 20. Kf2 Bg3# 0-1

[Event "9ème Open International de Rouen"]
[Site "ROUEN"]
[Date "2016.12.20"]
[Round "6.38"]
[White "Rocher, Elian"]
[Black "Nguyen, Tristan"]
[Result "1/2-1/2"]
[WhiteElo "1450"]
[BlackElo "1199"]
[PlyCount "74"]
[EventDate "2016.??.??"]

1. e4 c5 2. Nf3 e6 3. d4 cxd4 4. Nxd4 a6 5. Bc4 Nf6 6. Nd2 Nc6 7. N2f3 Qc7 8.
a3 b5 9. Ba2 Bb7 10. c4 bxc4 11. Bxc4 Ne5 12. Nxe5 Qxe5 13. O-O Nxe4 14. Qe2 d5
15. Bd3 Bd6 16. Nf3 Qh5 17. Bb5+ Kf8 18. Bd3 g5 19. g3 f6 20. b4 Nc3 21. Qxe6
Be7 22. Nd4 Re8 23. Qb6 Bc8 24. Qc6 Nb5 25. Nxb5 axb5 26. Bxb5 Bh3 27. Re1 Qf3
28. Bf1 Bxf1 29. Rxf1 h5 30. Be3 h4 31. Rfe1 hxg3 32. fxg3 Kg7 33. Rad1 Rxh2
34. Qxd5 Qxg3+ 35. Kf1 Qh3+ 36. Kg1 Qg3+ 37. Kf1 Qh3+ 1/2-1/2

[Event "9ème Open International de Rouen"]
[Site "ROUEN"]
[Date "2016.12.20"]
[Round "6.39"]
[White "Guignard, Jonathan"]
[Black "Lebreton, Gabin"]
[Result "1-0"]
[WhiteElo "1249"]
[BlackElo "1237"]
[PlyCount "33"]
[EventDate "2016.??.??"]

1. e4 e5 2. Nf3 Nc6 3. Bc4 Nf6 4. d4 exd4 5. e5 Ng4 6. Bxf7+ Kxf7 7. Ng5+ Ke8
8. Qxg4 Nxe5 9. Qxd4 Qf6 10. O-O Be7 11. Nc3 Kd8 12. Nce4 Qf5 13. f4 Ng6 14.
Qxg7 Rf8 15. Qxh7 Bxg5 16. Nxg5 Rh8 17. Nf7+ 1-0

[Event "9ème Open International de Rouen"]
[Site "ROUEN"]
[Date "2016.12.20"]
[Round "6.40"]
[White "Ferreira, Loic"]
[Black "Piassale, Mael"]
[Result "1-0"]
[WhiteElo "1441"]
[BlackElo "1281"]
[PlyCount "115"]
[EventDate "2016.??.??"]

1. e4 d5 2. exd5 Nf6 3. Nf3 Nxd5 4. d4 Nc6 5. c4 Nb6 6. d5 Na5 7. Bd2 Naxc4 8.
Bxc4 Nxc4 9. Qa4+ Bd7 10. Qxc4 e6 11. dxe6 Bxe6 12. Qe4 Bc5 13. O-O O-O 14. Ng5
g6 15. Nxe6 fxe6 16. Qxe6+ Rf7 17. Qc4 Qd6 18. Be3 Bb4 19. a3 Ba5 20. b4 Bb6
21. Nc3 Raf8 22. Rad1 Qe7 23. Nd5 Qe6 24. Nxb6 Qxc4 25. Nxc4 Re8 26. Bxa7 b6
27. Bxb6 cxb6 28. Nd6 Rfe7 29. Nxe8 Rxe8 30. Rfe1 Ra8 31. Re7 b5 32. Rdd7 h5
33. Rb7 h4 34. Rg7+ Kf8 35. Rxg6 Rd8 36. h3 Rd3 37. Rh6 Kg8 38. Rxh4 Rxa3 39.
Rd4 Ra8 40. h4 Kh8 41. h5 Kg8 42. h6 Kh8 43. Rdd7 Re8 44. Rh7+ Kg8 45. Rhe7 Rd8
46. Rb6 Rf8 47. Rbe6 Rc8 48. Re8+ Rxe8 49. Rxe8+ Kf7 50. h7 Kxe8 51. h8=Q+ Kf7
52. Qe5 Kg8 53. Qf6 Kh7 54. g4 Kg8 55. g5 Kh7 56. g6+ Kg8 57. Qf7+ Kh8 58. Qh7#
1-0

[Event "9ème Open International de Rouen"]
[Site "ROUEN"]
[Date "2016.12.20"]
[Round "6.41"]
[White "Ferreira, Theo"]
[Black "Deschuyteneer, Lucien"]
[Result "1/2-1/2"]
[WhiteElo "1299"]
[BlackElo "1399"]
[PlyCount "125"]
[EventDate "2016.??.??"]

1. e4 e5 2. Nf3 Nf6 3. Nxe5 d6 4. Nf3 Nxe4 5. d3 Nf6 6. Bg5 Be7 7. Be2 O-O 8.
Nc3 h6 9. Bh4 c6 10. Qd2 Bf5 11. Qf4 Bh7 12. O-O g5 13. Nxg5 hxg5 14. Bxg5 Bg6
15. Rfe1 Nbd7 16. Bg4 Re8 17. Bxf6 Nxf6 18. Re3 Nxg4 19. Qxg4 Bf6 20. Rxe8+
Qxe8 21. Ne4 Bg7 22. Re1 Qd8 23. h4 Bxe4 24. Rxe4 Qf6 25. c3 Rf8 26. h5 d5 27.
Rf4 Qh6 28. Qf5 Kh8 29. g3 Qh7 30. Qxh7+ Kxh7 31. Rf5 f6 32. f4 Kh6 33. Kf2 Re8
34. g4 Rf8 35. Kf3 b6 36. d4 a5 37. a4 Re8 38. g5+ fxg5 39. Rxg5 Re6 40. Kg4
Rf6 41. Rf5 Rxf5 42. Kxf5 Kxh5 43. Ke6 Kh6 44. Kd6 c5 45. Kxd5 cxd4 46. cxd4
Kg6 47. Kc4 Kf5 48. d5 Bxb2 49. Kb5 Bd4 50. d6 Ke6 51. Kc6 Bf6 52. Kc7 Kf5 53.
d7 Kxf4 54. d8=Q Bxd8+ 55. Kxd8 Ke5 56. Kc7 Kd5 57. Kxb6 Kd6 58. Kxa5 Kc7 59.
Ka6 Kb8 60. Kb6 Ka8 61. a5 Kb8 62. a6 Ka8 63. a7 1/2-1/2

[Event "9ème Open International de Rouen"]
[Site "ROUEN"]
[Date "2016.12.20"]
[Round "6.42"]
[White "Dionisi, Michel"]
[Black "Demol, Sylvain"]
[Result "1-0"]
[WhiteElo "1390"]
[BlackElo "1250"]
[PlyCount "73"]
[EventDate "2016.??.??"]

1. e4 e5 2. Nc3 Nf6 3. f4 Nc6 4. Nf3 exf4 5. d4 d5 6. e5 Ne4 7. Bxf4 Bb4 8. Bd2
Bg4 9. a3 Bxf3 10. Qxf3 Nxd4 11. Qd3 Bc5 12. Nxe4 dxe4 13. Qxe4 Nc6 14. O-O-O
Qe7 15. Bc3 O-O 16. Bd3 Qg5+ 17. Kb1 Qg6 18. Qd5 Qe6 19. Qxc5 b6 20. Qe3 Kh8
21. Qe4 Qg6 22. Rhf1 Ne7 23. Qxg6 Nxg6 24. Bc4 Rae8 25. Rxf7 h6 26. e6 Kg8 27.
Rxc7 Ne7 28. Rdd7 Kh8 29. Rxe7 Rxe7 30. Rxe7 Kg8 31. Rxg7+ Kh8 32. e7 Re8 33.
Rf7+ Kg8 34. Rf4+ Kh7 35. Rg4 h5 36. Bd3+ Kh6 37. Bg7# 1-0

[Event "9ème Open International de Rouen"]
[Site "ROUEN"]
[Date "2016.12.20"]
[Round "6.43"]
[White "Colin-Chen, Christine"]
[Black "Panier, Yves"]
[Result "1-0"]
[WhiteElo "1359"]
[BlackElo "1160"]
[PlyCount "59"]
[EventDate "2016.??.??"]

1. e4 d5 2. exd5 Qxd5 3. Nc3 Qa5 4. d4 Nf6 5. Bd2 c6 6. Nf3 Bg4 7. Be2 Nbd7 8.
O-O O-O-O 9. Ne4 Qc7 10. Neg5 Bh5 11. Bc4 Nd5 12. c3 h6 13. Ne4 f5 14. Ng3 Bg6
15. Bd3 e6 16. Re1 Re8 17. Ne2 Bd6 18. Qc1 e5 19. dxe5 Nxe5 20. Nxe5 Bxe5 21.
f4 Bd6 22. c4 Bc5+ 23. Kh1 Nf6 24. Qc2 Qd7 25. Ng3 Bf2 26. Rxe8+ Rxe8 27. Bxf5
Bxf5 28. Qxf5 Qxf5 29. Nxf5 Re4 30. Nd6+ 1-0

[Event "9ème Open International de Rouen"]
[Site "ROUEN"]
[Date "2016.12.20"]
[Round "6.44"]
[White "Madon, Paul"]
[Black "Argouse, Alexandre"]
[Result "0-1"]
[WhiteElo "1199"]
[BlackElo "1148"]
[PlyCount "60"]
[EventDate "2016.??.??"]

1. e4 c5 2. Nc3 Nc6 3. Bb5 g6 4. Bc4 Bg7 5. Nf3 e6 6. Qe2 Nge7 7. d3 Qb6 8. O-O
O-O 9. Bd2 Qxb2 10. Na4 Nd4 11. Nxd4 Qxd4 12. Bc3 Qd6 13. Qd2 Bxc3 14. Qxc3 Qc6
15. Bb3 b6 16. d4 Bb7 17. Qd3 Nf5 18. Qh3 Nxd4 19. Rad1 Ne2+ 20. Kh1 c4 21.
Rfe1 Ba6 22. Rxe2 cxb3 23. Red2 bxc2 24. Rc1 Qxa4 25. Qf3 Bb7 26. Re2 Qxa2 27.
Rexc2 Rac8 28. Qe2 Rc6 29. Qd2 Rfc8 30. h3 Rxc2 0-1

[Event "9ème Open International de Rouen"]
[Site "ROUEN"]
[Date "2016.12.20"]
[Round "6.45"]
[White "Madon, Clement"]
[Black "Garcia, Mael"]
[Result "0-1"]
[WhiteElo "1168"]
[BlackElo "1182"]
[PlyCount "106"]
[EventDate "2016.??.??"]

1. e4 c5 2. Nf3 d6 3. d4 cxd4 4. Nxd4 Nf6 5. Nc3 g6 6. Be2 Bg7 7. O-O O-O 8.
Be3 Nc6 9. Re1 a6 10. a3 Bd7 11. h3 Rc8 12. Qd2 Re8 13. b4 b5 14. Rad1 Rc7 15.
Nxc6 Bxc6 16. Bb6 Bxe4 17. Bxc7 Qxc7 18. Nxe4 Nxe4 19. Qe3 Nc3 20. Rd3 Nxe2+
21. Rxe2 Be5 22. Qe4 a5 23. Rb3 axb4 24. axb4 f6 25. Qd5+ Kg7 26. Qxb5 Rb8 27.
Qa4 Qb7 28. b5 Ra8 29. Qb4 Qd5 30. Rb1 Rb8 31. Rd2 Qe6 32. Qb3 Qf5 33. b6 Qf4
34. Rd3 Qh2+ 35. Kf1 Qh1+ 36. Ke2 Qxg2 37. Qd5 Qg5 38. b7 Qh5+ 39. Rf3 g5 40.
Qe6 Qe8 41. Rfb3 Kf8 42. c4 Qc6 43. Qd5 Qd7 44. Qb5 Qc7 45. Ra1 Bxa1 46. f3 Kf7
47. Qd5+ e6 48. Qe4 f5 49. Qb1 Qxc4+ 50. Rd3 Be5 51. Qb6 d5 52. Qa7 Qc7 53. Rb3
Qc2+ 0-1